Wortkette mit 5 Buchstaben - Statistiken

Allgemein
  • Dieses Quiz wurde 1.986 mal gespielt
  • Das Durchschnittsergebnis liegt bei 17 aus 31
Antwortstatistiken
Hinweis Wort % Korrekt
Hauptstadt Japans Tokio
99%
Nicht Tag, sondern... Nacht
98%
Geöffnet Offen
94%
Japanische Animation Anime
92%
Möbelstück mit vier "Beinen" Tisch
92%
Schlittenhund Husky
91%
Paartanz Tango
89%
Japanische Nudelsuppe Ramen
87%
Academy Award Oscar
83%
wörtlich oder inhaltlich übernommene Textstelle Zitat
78%
Französisch für "rot" Rouge
74%
Mit der Hinzufügung von „ia“ erhält man ein anderes Land Niger
71%
"la primera" ist Spanisch für "die ..." Erste
70%
Zusätzlich Extra
61%
SI-Einheit der Frequenz Hertz
61%
schwarzer Vertreter der Drosseln Amsel
60%
Fischeier Laich
53%
Nachbarinsel Mallorcas Ibiza
47%
Kastenbrot mit dünner Kruste Toast
45%
Blüten und Blätter tragender Pflanzenteil Stiel
44%
Vor- oder Empfangsraum Lobby
36%
glatt poliert, nackt blank
34%
vor langer Zeit einst
31%
Instinkt Trieb
30%
Ei einer Laus Nisse
26%
japanische Schriftzeichen chinesischen Ursprungs Kanji
25%
Griechisches Nebenmeer Ägäis
23%
Eine der ältesten Getreidesorten Emmer
11%
De facto-Hauptstadt von Nauru Yaren
8%
Gesamtheit genereller Verhaltensregeln Recht
7%
Spargelgewächs aus Mittelamerika Yucca
7%
Keine übereinstimmenden Quizze gefunden
Verteilung der Resultate
Anzahl Personen mit jedem Resultat
Perzentil nach korrekt beantworteten Fragen
Ihre Resultats-Entwicklung
Sie haben dieses Quiz noch nicht gespielt